الوسيط في قانون الإجراءات الجنائية / (Record no. 23354)
[ view plain ]
| 000 -الفاتح | |
|---|---|
| حقل البيانات ثابتة الطول | 01275nam a22002415a 4500 |
| 003 - محدد رقم الضبط | |
| رقم الضبط | OSt |
| 005 - وقت وتاريخ اخر تعامل مع التسجيلة | |
| رقم الضبط | 20170216141839.0 |
| 008 - عناصر البيانات ثابتة الطول - معلومات عامة | |
| حقل البيانات ثابتة الطول | 161127s2016 ua frb 000 0 ara d |
| 040 ## - مصدر الفهرسة | |
| وكالة الفهرسة الأصلية | EG-ScBUE |
| لغة الفهرسة | ara |
| وكالة النسخ | EG-ScBUE |
| 043 ## - رمز المنطقة الجغرافية | |
| رمز المنطقة الجغرافية | f-ua--- |
| 082 04 - رقم تصنيف ديوى العشرى | |
| رقم التصنيف | 345.6205 |
| رقم المادة | س ر و |
| رقم الطبعة | 22 |
| 100 1# - المدخل الرئيسى - إسم شخصى | |
| الإسم الشخصى | سرور، أحمد فتحي. |
| 245 12 - بيان العنوان | |
| العنوان | الوسيط في قانون الإجراءات الجنائية / |
| بيان المسئوليه,etc | أحمد فتحي سرور. |
| 250 ## - بيان الطبعة | |
| بيان الطبعة | ط. 10، مطورة. |
| 260 ## - PUBLICATION, DISTRIBUTION, ETC. (IMPRINT) | |
| مكان الناشر او الموزع | القاهرة : |
| اسم الناشر او الموزع | دار النهضة العربية، |
| تاريخ النشر أو التوزيع | 2016. |
| 300 ## - الوصف المادى | |
| التعداد | 2 مج. ؛ |
| أبعاد الوعاء | 24 سم. |
| 504 ## - تبصرة ببليوجرافية | |
| تبصرة ببليوجرافية,الخ | يشتمل على إرجاعات ببليوجرافية. |
| 505 0# - تبصرة محتويات-الفهرس | |
| تبصرة المحتويات المصاغة | الكتاب الأول. الأحكام العامة للإجراءات الجنائية : الإجراءات السابقة على المحاكمة - إجراءات المحاكمة -- الكتاب الثاني. طرق الطعن في الأحكام الجنائية : طرق الطعن العادية (المعارضة - الاستئناف) - طرق الطعن غير العادية (الطعن بالنقض - طلب إعادة النظر) |
| 650 #7 - المدخل الاضافى بالموضوع-مصطلح موضوعى | |
| مصطلح موضوعي أو اسم جغرافي كعنصر مدخل | قانون الإجراءات الجنائية |
| التقسيم الفرعي الجغرافي | مصر |
| مصدر الرأس أو المصطلح | BUEsh |
| 9 (RLIN) | 41140 |
| 651 ## - المدخل الاضافى بالموضوع - اسم جغرافى | |
| مصدر الرأس أو المصطلح | BUEsh |
| 653 ## - مصطلح تكشيفى غير مقيد | |
| Resource For college | Law |
| Arrived date list | November2016 |
| -- | February2017 |
| 942 ## - عناصر المدخل الإضافي( كوها) | |
| مصدر التصنيف او مخطط الترفيف | Dewey Decimal Classification |
| حالة التراجع | حالة الفقد | مصدر التصنيف او خطة الترفيف | حالة تلف | ليس للاعارة | مجموعات كوها | المكان الدائم | المكان الحالي | موقع الترفيف | تاريخ الاكتساب | Source of acquisition | سعر الشراء الطبيعي | تعداد مسلسل / التسلسل الزمني | رقم الاستدعاء | الباركود | Date last checked out | Date last seen | مُعار | التكلفة | تبصرة غير عامة( المفوع للعناصر المفقوده) | نوع الوعاء | تبصرة عامة |
|---|---|---|---|---|---|---|---|---|---|---|---|---|---|---|---|---|---|---|---|---|---|
| Dewey Decimal Classification | دار النهضة العربية | Central Library | Central Library | First floor | 27/11/2016 | Purchase | 400.00 | 2815 | 345.6205 س ر و | 000040066 | 12/03/2020 | 27/02/2020 | 27/02/2020 | 500.00 | السعر شامل المجلدين | Book - Borrowing | مج. 1 | ||||
| Dewey Decimal Classification | دار النهضة العربية | Central Library | Central Library | First floor | 27/11/2016 | Purchase | 400.00 | 2815 | 345.6205 س ر و | 000040067 | 15/07/2025 | 05/03/2022 | 500.00 | السعر شامل المجلدين | Book - Borrowing | مج. 2 | |||||
| Dewey Decimal Classification | دار النهضة العربية | Central Library | Central Library | First floor | 04/12/2016 | Purchase | 400.00 | 2815 | 345.6205 س ر و | 000040208 | 11/03/2026 | 07/03/2026 | 500.00 | السعر شامل المجلدين | Book - Borrowing | مج. 1 | |||||
| Dewey Decimal Classification | دار النهضة العربية | Central Library | Central Library | First floor | 16/02/2017 | Purchase | 400.00 | 2815 | 345.6205 س ر و | 000041166 | 15/07/2025 | 22/10/2023 | 500.00 | السعر شامل المجلدين | Book - Borrowing | مج. 2 |